000
00199 a2200109 4500
020
_a
9780844208749
041
_a
spa
100
_a
Anonimo
245
_a
La Familia Perez
942
_c
BK
952
_7
1
999
_c
23125
_d
23125